ticking away - valorant ft. grabbitz & bbno$ (all lyrics) - Statistics

General Stats
  • This quiz has been taken 43 times
  • The average score is 188 of 289
Answer Stats
% Correct
a
96%
i
96%
away?
92%
away,
92%
away
92%
tickin'
92%
time
92%
you
88%
to
84%
why
84%
why,
84%
my
80%
feet
76%
it
76%
we
76%
with
76%
around,
72%
do
72%
go
72%
it's
72%
know
72%
me
72%
the
72%
as
68%
don't
68%
i'm
68%
keep
68%
no
68%
on
68%
playing
68%
run
68%
ticking
68%
win
68%
am
64%
be
64%
for
64%
ground
64%
need
64%
our
64%
tied,
64%
tied
64%
where
64%
get
60%
lives,
60%
second
60%
way
60%
leave
56%
more,
56%
more
56%
not
56%
team
56%
waste?
56%
and
52%
asking
52%
day,
52%
day
52%
either
52%
found,
52%
one
52%
drown,
48%
feel
48%
gold
48%
losin',
48%
right
48%
say,
48%
so
48%
stay,
48%
that
48%
thinking
48%
unless
48%
went
48%
what
48%
winnin',
48%
ace,
44%
air,
44%
now,
44%
oh,
44%
will
44%
again
40%
every
40%
got
40%
in
40%
life,
40%
never
40%
nowhere
40%
streak,
40%
there,
40%
up
40%
attitude,
36%
but
36%
end's
36%
gets
36%
gotta
36%
hot
36%
round
36%
score,
36%
spare
36%
today
36%
want
36%
alright,
32%
comeback
32%
count,
32%
four,
32%
give
32%
let's
32%
old,
32%
tight
32%
try,
32%
turn
32%
two
32%
back
28%
coming
28%
kid,
28%
lot,
28%
make
28%
roof
28%
solo
28%
this
28%
feels
24%
like
24%
out
24%
than
24%
woah,
24%
yeah,
24%
you're
24%
double
20%
into
20%
i'll
16%
talkin'
16%
No matching quizzes found
Score Distribution
Percent of People with Each Score
Percentile by Number Answered
Your Score History
You have not taken this quiz